000 00921nam a2200205 i 4500
001 188375
003 ES-MaACL
005 20251002204755.0
008 180905s1922 fr |||| | fre d
245 0 0 _aTraité de pathologie médicale et de thérapeutique appliquée / publié sous la direction de Emile Sergent, L. Ribadeau-Dumas, et L. Babonneix.
_nXXII,
_pIntoxications. Maladies par carence, par agents physiques. Affections médicales et physiques. Traumatismes /
_cpar Achard... [et al.].
260 _aParis :
_bA. Maloine et fils,
_c1922.
300 _aVIII, 553 p. :
_bil. ;
_c21 cm.
650 4 _aIntoxicaciones.
_9147160
700 1 _aSergent, Émile,
_d1867-1943
_9151848
700 1 _aRibadeau-Dumas, Louis (
_d1876-1951)
_9151844
700 1 _aBabonneix, Léon,
_d1876-1942
_9151847
700 1 _aAchard, Charles,
_d1860-1944
_9155057
852 _aES-MaACL
_jC-16752
999 _c188375
_d188375